New Zealand Cities Map Quiz - Statistics

General Stats
  • This quiz has been taken 1,130 times
    1,047 since last reset
  • The average score is 9 of 12
Answers on the Map
Answers color-coded by a green-red scale on the quiz's map according to % correct below.
 
Answer Stats
Answer % Correct
Auckland
96%
Wellington
92%
Christchurch
90%
Dunedin
77%
Queenstown
75%
Hamilton
73%
Nelson
73%
Invercargill
72%
Whangarei
68%
New Plymouth
65%
Gisborne
64%
Rotorua
61%
No matching quizzes found
Score Distribution
Percent of People with Each Score
Percentile by Number Answered
Your Score History
You have not taken this quiz since the last reset